[Event "Bartlesville P 66"]
[Site "Bartlesville"]
[Date "2004.03.27"]
[Round "3"]
[White "Aber, Jim"]
[Black "Joy, Jacob"]
[Result "1-0"]
[WhiteElo "1500"]
[BlackElo "1450"]
[PlyCount "63"]
[EventDate "2004.03.27"]
[EventType "swiss (rapid)"]
[EventRounds "5"]
[EventCountry "USA"]
[EventCategory "1"]
[SourceTitle "EXT 2006"]
[Source "ChessBase"]
[SourceDate "2005.11.24"]
[SourceVersion "1"]
[SourceVersionDate "2005.11.24"]
[SourceQuality "1"]

1. c4 c5 2. Nc3 Nf6 3. g3 Nc6 4. Bg2 b6 5. e3 Bb7 6. Nge2 e5 7. 0-0 Be7 8. a3 Qc7 9. Nd5 Nxd5 10. cxd5 Na5 11. Rb1 Ba6 12. d6 Qxd6 13. Bxa8 Nc6 14. Bxc6 dxc6 15. Re1 Qg6 16. Ra1 Bd3 17. Nc3 h5 18. Qf3 h4 19. e4 hxg3 20. Qxg3 Qd6 21. Re3 Ba6 22. d3 Bc8 23. Rf3 Rh3 24. Qg2 Rxf3 25. Qxf3 Qg6+ 26. Qg3 Qxg3+ 27. hxg3 Ba6 28. Be3 Bxd3 29. Kg2 b5 30. f3 b4 31. axb4 cxb4 32. Na4 1-0

[Event "Bartlesville P 66"]
[Site "Bartlesville"]
[Date "2004.03.27"]
[Round "1"]
[White "Short, Ken"]
[Black "Aber, Jim"]
[Result "1/2-1/2"]
[WhiteElo "1927"]
[BlackElo "1500"]
[PlyCount "89"]
[EventDate "2004.03.27"]
[EventType "swiss (rapid)"]
[EventRounds "5"]
[EventCountry "USA"]
[EventCategory "1"]
[SourceTitle "EXT 2006"]
[Source "ChessBase"]
[SourceDate "2005.11.24"]
[SourceVersion "1"]
[SourceVersionDate "2005.11.24"]
[SourceQuality "1"]

1. e4 c5 2. Nf3 d6 3. d4 cxd4 4. Nxd4 Nf6 5. Bd3 g6 6. c4 Bg7 7. 0-0 0-0 8. Nc3 Nbd7 9. Be3 b6 10. Nc6 Qe8 11. Nb5 Nc5 12. Ncxa7 Qd7 13. Nxc8 Rfxc8 14. f3 Ne8 15. Bd4 Bxd4+ 16. Nxd4 Nc7 17. b3 N5e6 18. Nc2 b5 19. Ne3 Ra7 20. Qd2 Rca8 21. cxb5 Nxb5 22. a4 Nbd4 23. Bc4 Nc6 24. Rfd1 Na5 25. Bd5 Rb8 26. b4 Nc6 27. b5 Na5 28. Rdb1 Qc7 29. Rc1 Qb6 30. Kh1 Nc5 31. Rcb1 e6 32. Ba2 Rd8 33. Qd4 Nxa4 34. Qxa4 Qxe3 35. b6 Ra6 36. Bc4 Raa8 37. Qb5 Nxc4 38. Rxa8 Rxa8 39. b7 Rb8 40. Qxc4 Qc5 41. Qa6 Qc7 42. Qa7 Kg7 43. h3 h5 44. Qd4+ f6 45. Qa7 1/2-1/2